Aerodynamics / (Record no. 606831)
[ view plain ]
| 000 -LEADER | |
|---|---|
| fixed length control field | 00296nam a22001337a 4500 |
| 040 ## - CATALOGING SOURCE | |
| Transcribing agency | NUST |
| 082 ## - DEWEY DECIMAL CLASSIFICATION NUMBER | |
| Classification number | 629.132 |
| Author Mark | LIU |
| 100 ## - MAIN ENTRY--PERSONAL NAME | |
| Personal name | Liu, Peiqing |
| 9 (RLIN) | 118656 |
| 245 ## - TITLE STATEMENT | |
| Title | Aerodynamics / |
| Statement of responsibility, etc. | Peiqing Liu |
| 260 ## - PUBLICATION, DISTRIBUTION, ETC. | |
| Place of publication, distribution, etc. | China : |
| Name of publisher, distributor, etc. | Springer; |
| Date of publication, distribution, etc. | 2022. |
| 300 ## - PHYSICAL DESCRIPTION | |
| Extent | 852p. |
| 521 ## - TARGET AUDIENCE NOTE | |
| Source | HB |
| 942 ## - ADDED ENTRY ELEMENTS (KOHA) | |
| Source of classification or shelving scheme | |
| Koha item type | Book |
| Withdrawn status | Lost status | Source of classification or shelving scheme | Damaged status | Not for loan | Permanent Location | Current Location | Shelving location | Date acquired | Total Checkouts | Total Renewals | Full call number | Barcode | Checked out | Date last seen | Date last checked out | Price effective from | Koha item type |
|---|---|---|---|---|---|---|---|---|---|---|---|---|---|---|---|---|---|
| School of Mechanical & Manufacturing Engineering (SMME) | School of Mechanical & Manufacturing Engineering (SMME) | Aerospace Engineering | 11/27/2023 | 1 | 1 | 629.132 LIU | SMME-4447 | 03/22/2026 | 07/29/2025 | 07/29/2025 | 11/27/2023 | Book | |||||
| School of Mechanical & Manufacturing Engineering (SMME) | School of Mechanical & Manufacturing Engineering (SMME) | Aerospace Engineering | 11/27/2023 | 629.132 LIU | SMME-4448 | 11/27/2023 | 11/27/2023 | Book | |||||||||
| School of Mechanical & Manufacturing Engineering (SMME) | School of Mechanical & Manufacturing Engineering (SMME) | Aerospace Engineering | 11/27/2023 | 629.132 LIU | SMME-4449 | 11/27/2023 | 11/27/2023 | Book |
